| 000 | 01596nam a2200277Ia 4500 | ||
|---|---|---|---|
| 008 | 220216s9999 xx 000 0 und d | ||
| 100 | _aLee K -S | ||
| 245 | 0 | _aNon-linear rate-dependent hysteresis model for structural dampers made from ultra-high damping natural rubber | |
| 260 |
_bJournal of Rubber Research _c2004 |
||
| 300 | _a79-103 | ||
| 520 | _aIt is well known that rubber-like materials exhibit non-linear behaviour that depends on strain amplitude, ambient temperature, and loading frequency. Comprehensive experimental tests were performed to investigate the non-linear behaviour of a newly developed damping material for structural dampers, ultra-high damping Natural Rubber (UHDNR). The structural dampers currently used to reduce the dynamic response of buildings and similar structures are rarely made from rubber-like materials, but are sometimes made from viscoelastic materials. Compared to a typical viscoelastic material, it has been observed that the UHNDR material is less dependent on loading frequency and ambient temperature but has sufficient damping for application in structural dampers. A rate-dependence is proposed. Good agreement was observed between experimental and analytical results. | ||
| 650 | _aAmbient temperature | ||
| 650 | _aAmplitude | ||
| 650 | _aBehaviour | ||
| 650 | _aFrequency | ||
| 650 | _aHysteresis | ||
| 650 | _aLoading | ||
| 650 | _aRate-dependent | ||
| 650 | _aStrain | ||
| 650 | _aStructural dampers | ||
| 700 | _aAb-Malek Kamarudin | ||
| 700 | _aLu L -W | ||
| 700 | _aRicles J | ||
| 700 | _aSause R | ||
| 942 | _cJS | ||
| 999 |
_c64006 _d64006 |
||